Recurso de Revista Repetitivo Entre os Precedentes da Common Law e o Julgamento por Causa-Piloto /

Bibliographic Details
Main Author: Ament, Thiago Henrique
Format: eBook
Language:Portuguese
Published: San Pablo: LTR, 2018
Subjects:
Online Access:Acceso restringido

MARC

LEADER 00000nam a22000007a 4500
005 20190725134731.0
007 cr|||| ||||
008 190725s2018 br |||||s|||| 00||0 por d
020 |a 978-85-361-9898-9 
035 |a 23881 
040 |a vLex 
090 |c 9068  |d 9068 
100 1 |a Ament, Thiago Henrique 
245 1 0 |a Recurso de Revista Repetitivo  |h [Recurso electrn̤ico] :  |b Entre os Precedentes da Common Law e o Julgamento por Causa-Piloto /  |c Thiago Henrique Ament  
256 |a Servicio en ln̕ea 
260 |a San Pablo:  |b LTR,  |c 2018 
300 |a 1 recurso electrn̤ico 
506 1 |a Disponible solo en los productos indicados  |d vLex Global  |d vLex Global (Academic Edition, excluding Law Schools)  |d vLex Global (U.S. Academic Edition, Law Schools)  |d vLex Global (U.S. Academic Edition, excluding Law Schools)  |d vLex Global (Academic Edition, Law Schools) 
650 0 4 |a Derecho Laboral y Seguridad Social  |z Brasil 
740 0 |a vLex Libros (Servicio en ln̕ea) 
856 4 0 |u http://vlex.com/source/recurso-revista-repetitivo-precedentes-common-law-julgamento-causa-piloto-23881  |z Acceso restringido 
942 |c BOOK 
999 0 |a Labor law and social security